Влияние температуры воды на результат измерения емкости кабеля по ГОСТ 27893-88; Ресурсоэффективным технологиям - энергию и энтузиазм молодых

التفاصيل البيبلوغرافية
Parent link:Ресурсоэффективным технологиям - энергию и энтузиазм молодых.— 2015.— [С. 330-332]
المؤلف الرئيسي: Мазиков С. В.
مؤلف مشترك: Национальный исследовательский Томский политехнический университет (ТПУ) Институт неразрушающего контроля (ИНК) Кафедра информационно-измерительной техники (ИИТ)
مؤلفون آخرون: Вавилова Г. В. Галина Васильевна (научный руководитель)
الملخص:Заглавие с титульного экрана
اللغة:الروسية
منشور في: 2015
سلاسل:Неразрушающий контроль и диагностика в производственной и социальной сферах
الموضوعات:
الوصول للمادة أونلاين:http://earchive.tpu.ru/handle/11683/19435
http://www.lib.tpu.ru/fulltext/c/2015/C08/092.pdf
التنسيق: MixedMaterials الكتروني فصل الكتاب
KOHA link:https://koha.lib.tpu.ru/cgi-bin/koha/opac-detail.pl?biblionumber=612352

MARC

LEADER 00000naa2a2200000 4500
001 612352
005 20260422114553.0
035 |a (RuTPU)RU\TPU\conf\10473 
035 |a RU\TPU\conf\10471 
090 |a 612352 
100 |a 20150611d2015 k y0rusy50 ca 
101 0 |a rus 
102 |a RU 
135 |a drgn ---uucaa 
181 0 |a i  
182 0 |a b 
200 1 |a Влияние температуры воды на результат измерения емкости кабеля по ГОСТ 27893-88  |f С. В. Мазиков  |g науч. рук. Г. В. Вавилова 
203 |a Текст  |c электронный 
225 1 |a Неразрушающий контроль и диагностика в производственной и социальной сферах 
300 |a Заглавие с титульного экрана 
320 |a [Библиогр.: с. 332 (2 назв.)] 
337 |a Adobe Reader 
463 1 |0 (RuTPU)RU\TPU\conf\10353  |t Ресурсоэффективным технологиям - энергию и энтузиазм молодых  |o сборник научных трудов VI Всероссийской конференции, г. Томск, 22-24 апреля 2015 г.  |f Национальный исследовательский Томский политехнический университет (ТПУ)   |v [С. 330-332]  |d 2015 
610 1 |a труды учёных ТПУ 
610 1 |a электронный ресурс 
610 1 |a температура 
610 1 |a воды 
610 1 |a емкость 
610 1 |a кабели связи 
610 1 |a волновое сопротивление 
610 1 |a погонная емкость 
700 1 |a Мазиков  |b С. В. 
702 1 |a Вавилова  |b Г. В.  |c специалист в области неразрушающего контроля  |c старший преподаватель Томского политехнического университета  |f 1981-  |g Галина Васильевна  |4 727 
712 0 2 |a Национальный исследовательский Томский политехнический университет (ТПУ)  |b Институт неразрушающего контроля (ИНК)  |b Кафедра информационно-измерительной техники (ИИТ)  |3 (RuTPU)RU\TPU\col\18718 
801 2 |a RU  |b 63413507  |c 20210119  |g RCR 
856 4 |u http://earchive.tpu.ru/handle/11683/19435 
856 4 |u http://www.lib.tpu.ru/fulltext/c/2015/C08/092.pdf 
942 |c BK